Staň sa nezničiteľným Životné lekcie od agentky tajnej služby
Saved in:
| Main Author | |
|---|---|
| Format | Electronic eBook |
| Language | Czech |
| Published |
Grada SK
2025
|
| Edition | 1. elektronické vydání |
| Subjects | |
| Online Access | Dostupné v BOOKPORT po přihlášení pomocí eduID |
| ISBN | 978-80-8305-028-0 978-80-8305-026-6 |
| Physical Description | 1 online zdroj (320 stran) |
Cover
| LEADER | 00000nam a2200000 i 4500 | ||
|---|---|---|---|
| 001 | bkp100402 | ||
| 003 | CZ-prgp | ||
| 005 | 20250318134827.0 | ||
| 006 | m o d | ||
| 007 | cr cn | ||
| 008 | 250318s2025 xr o 000 0 cze | ||
| 020 | |a 978-80-8305-028-0 |c 457 Kč |q (online ; epub) | ||
| 020 | |a 978-80-8305-026-6 |c 537 Kč |q (print) | ||
| 040 | |a Grada |b cze |e rda | ||
| 100 | 1 | |a Poumpouras, Evy | |
| 245 | 1 | 0 | |a Staň sa nezničiteľným |b Životné lekcie od agentky tajnej služby |c Evy Poumpouras |
| 250 | |a 1. elektronické vydání | ||
| 264 | 1 | |b Grada SK |c 2025 | |
| 300 | |a 1 online zdroj (320 stran) | ||
| 336 | |a text |b txt |2 rdacontent | ||
| 337 | |a počítač |b c |2 rdamedia | ||
| 338 | |a online zdroj |b cr |2 rdacarrier | ||
| 520 | 3 | |a Zistite, že vaša skutočná sila sa neskrýva vo svaloch, ale v mysli, a staňte sa najlepšou, najodvážnejšou a najsilnejšou verziou seba samého. | |
| 650 | 0 | 4 | |a Osobní rozvoj a poznání |
| 650 | 0 | 4 | |a Komunikační dovednosti |
| 650 | 0 | 4 | |a Prezentace |
| 650 | 0 | 4 | |a Slovní sebeobrana, manipulace |
| 856 | 4 | 0 | |u https://www.bookport.cz/AccountSaml/SignIn/?idp=https://shibboleth.utb.cz/idp/shibboleth&returnUrl=/kniha/stan-sa-neznicitelnym-14682/ |y Dostupné v BOOKPORT po přihlášení pomocí eduID |